00562 2200217 4500001002100000005001700021008004100038035002400079082001100103090001800114100001500132245003700147260003100184300002400215500002700239650003000266850001200296980001500308985000600323999001500329YOGYA-0209000005947020090227034636.0 ind  0010-020900000059470 a438.24 a438.24bHar W aHARJONO, T aWir sprechen dentschcT. Harjono aJakartabBumi Restuc[s.a] a...jilbilusc25 cm aYang diterima : jil .2 aBahasa Jerman - Pelajaran aYOPDYOG a05-08-2008 a1 aP000014992